Entry Personal Name
Number of records used in: 9
001 - CONTROL NUMBER
003 - CONTROL NUMBER IDENTIFIER
005 - DATE AND TIME OF LATEST TRANSACTION
- control field:
20230916161205.0
008 - FIXED-LENGTH DATA ELEMENTS
- fixed length control field:
860107n| azannaabn |b aaa
010 ## - LIBRARY OF CONGRESS CONTROL NUMBER
- LC control number:
n 85027450
- Canceled/invalid LC control number:
n 86097487
016 ## - NATIONAL BIBLIOGRAPHIC AGENCY CONTROL NUMBER
- Record control number:
1001E1205E
035 ## - SYSTEM CONTROL NUMBER
- System control number:
(Uk)001397481
035 ## - SYSTEM CONTROL NUMBER
- System control number:
(OCoLC)oca01468772
040 ## - CATALOGING SOURCE
- Original cataloging agency:
DLC
- Language of cataloging:
eng
- Description conventions:
rda
- Transcribing agency:
DLC
- Modifying agency:
DLC
- Modifying agency:
OCoLC
- Modifying agency:
DLC
- Modifying agency:
OCoLC
- Modifying agency:
Uk
- Modifying agency:
DLC
- Modifying agency:
CaOONL
042 ## - AUTHENTICATION CODE
046 ## - SPECIAL CODED DATES
- Birth date:
1956
- Source of date scheme:
edtf
053 #0 - LC CLASSIFICATION NUMBER
- Classification number element--single number or beginning number of span:
PR9499.3.G536
100 1# - HEADING--PERSONAL NAME
- Personal name:
Ghosh, Amitav,
- Dates associated with a name:
1956-
370 ## - ASSOCIATED PLACE
- Place of birth:
Calcutta (India)
- Associated country:
India
- Source of term:
naf
377 ## - ASSOCIATED LANGUAGE
400 0# - SEE FROM TRACING--PERSONAL NAME
- Personal name:
Amitav Ghosh,
- Dates associated with a name:
1956-
400 1# - SEE FROM TRACING--PERSONAL NAME
- Personal name:
גוש, אמיטאב,
- Dates associated with a name:
1956-
670 ## - SOURCE DATA FOUND
- Source citation:
His The circle of reason, 1986:
- Information found:
CIP t.p. (Amitav Ghosh)
670 ## - SOURCE DATA FOUND
- Source citation:
His The shadow lines, 1990:
- Information found:
t.p. (Amitav Ghosh) half t.p. (b. in Calcutta in 1956; has taught at Delhi, the Univ. of Va., and Columbia Univ.)
670 ## - SOURCE DATA FOUND
- Source citation:
LAC internal file, June 6, 2019
- Information found:
(access point: Ghosh, Amitav; Indian)
670 ## - SOURCE DATA FOUND
- Source citation:
Kromozom Kalkutah, 2000:
- Information found:
t.p. (אמיטאב גוש = Amiṭ'av Gosh)